000 00556nam a2200193Ii 4500
003 JO-AjNU
008 230606s9999||||xx |||||||||||||| ||und||
020 _a978-0-19-538114.6
040 _aJO-AjNU
_beng
_erda
_cJO-AjNU
041 _aeng
050 1 4 _aK103.S63.G56.2010
100 3 _aBLOCH ، EDITED BY FRANK S,
_eauthor
_92671
245 0 4 _aTHE GLOBAL CLINICAL MOVEMENT
264 3 1 _aUNIVERSITY PRESS ، OXFORD 2010
300 _a400p
336 _atext
_btxt
_2rdacontent
337 _aunmediated
_bn
_2rdamedia
338 _avolume
_bnc
_2rdacarrier
999 _aE1395
_c1395
_d1395